| 000 | 00706nam a22002537a 4500 | ||
|---|---|---|---|
| 005 | 20250611143448.0 | ||
| 008 | 151006b2012 xxu||||| |||| 00| 0 spa d | ||
| 020 | _a9789977135212 | ||
| 041 | _aESP | ||
| 082 | _a351.9 C8374L | ||
| 100 | _aCosta Rica. Leyes, decretos, etc. | ||
| 245 | _aLey de protección al ciudadano del exceso de requisitos y trámites administrativos y su reglamento | ||
| 260 | _aCosta Rica | ||
| 260 | _bIJSA | ||
| 260 | _c2012 | ||
| 300 | _a72 páginas | ||
| 490 | _atemática general | ||
| 650 | _aCOSTA RICA | ||
| 650 | _aADMINISTRACIÓN PÚBLICA | ||
| 650 | _aBUROCRACIA | ||
| 650 | _aLEGISLACIÓN | ||
| 650 | _aSIMPLIFICACIÓN DE TRÁMITES | ||
| 942 |
_cBK _2ddc |
||
| 999 |
_c7245 _d7245 |
||